<?xml version="1.0" encoding="UTF-8"?>
<record
    xmlns:xsi="http://www.w3.org/2001/XMLSchema-instance"
    xsi:schemaLocation="http://www.loc.gov/MARC21/slim http://www.loc.gov/standards/marcxml/schema/MARC21slim.xsd"
    xmlns="http://www.loc.gov/MARC21/slim">

  <leader>01925    a2200205   4500</leader>
  <controlfield tag="001">41387</controlfield>
  <controlfield tag="005">20260407155708.0</controlfield>
  <controlfield tag="008">260407a2013    arg                 spa d</controlfield>
  <controlfield tag="003">AR-UNSa-BCEJYS</controlfield>
  <datafield tag="040" ind1=" " ind2=" ">
    <subfield code="a">AR-UNSa-BCEJYS</subfield>
    <subfield code="b">spa</subfield>
    <subfield code="c">AR-UNSa-BCEJYS</subfield>
  </datafield>
  <datafield tag="080" ind1=" " ind2=" ">
    <subfield code="a">336.226.1</subfield>
    <subfield code="x">Impuestos a las ganancias o los beneficios (Impuesto Diferido)</subfield>
  </datafield>
  <datafield tag="245" ind1="1" ind2="0">
    <subfield code="a">R&#xE9;gimen de retenci&#xF3;n del impuesto a las ganancias para empleados en relaci&#xF3;n de dependencia</subfield>
    <subfield code="p">RG (AFIP) 2437 y modificatorias</subfield>
  </datafield>
  <datafield tag="264" ind1=" " ind2="1">
    <subfield code="a">Buenos Aires :</subfield>
    <subfield code="b">Errepar</subfield>
    <subfield code="c">2013</subfield>
  </datafield>
  <datafield tag="300" ind1=" " ind2=" ">
    <subfield code="a">25 p.</subfield>
    <subfield code="c">21 cm.</subfield>
  </datafield>
  <datafield tag="505" ind1=" " ind2=" ">
    <subfield code="a">1. &#xBF;Cu&#xE1;l es la forma de c&#xE1;lculo de la retenci&#xF3;n? - 2. &#xBF;Hay alg&#xFA;n item que est&#xE9; exento o no gravado para el c&#xE1;lculo de la retenci&#xF3;n? - 3.&#xBF;Qu&#xE9; conceptos se pueden deducir para el c&#xE1;lculo de la retenci&#xF3;n? - 4. Requisitos para la procedencia de las distintas deducciones - 5. &#xBF;C&#xF3;mo se informan estas deducciones al empleador? - 6. &#xBF;C&#xF3;mo debe proceder el empleado si tiene m&#xE1;s de un empleador? - 7. &#xBF;Qu&#xE9; empleados se encuentran obligados a presentar la DDJJ de ganancias? &#xBF;Deben inscribirse en el impuesto? - 8. &#xBF;Qu&#xE9; empleados se encuentran obligados a presentar la DDJJ de bienes personales? &#xBF;Deben inscribirse en el impuesto? - 9. Vencimiento de las DDJJ de ganancias y de bienes personales 10. Car&#xE1;cter de las retenciones efectuadas a los empleados. C&#xF3;mputo en la declaraci&#xF3;n jurada del impuesto a las ganancias. Saldos a favor, posibilidades de utilizaci&#xF3;n - 11. Forma de ingreso de las retenciones. Saldo a favor del empleador - 12. Tabla de deducciones personales. Per&#xED;odo fiscal 2013. Importes de las deducciones acumuladas correspondientes a cada mes - 13. Escala utilizable para el c&#xE1;lculo de las retenciones mensuales - 14. Caso pr&#xE1;ctico</subfield>
  </datafield>
  <datafield tag="041" ind1=" " ind2=" ">
    <subfield code="a">spa</subfield>
  </datafield>
  <datafield tag="942" ind1=" " ind2=" ">
    <subfield code="c">BK</subfield>
  </datafield>
  <datafield tag="590" ind1=" " ind2=" ">
    <subfield code="a">niveau_biblio:m niveau_hierar:0</subfield>
  </datafield>
  <datafield tag="856" ind1="4" ind2="1">
    <subfield code="u">https://biblioeco.unsa.edu.ar/pmb/images/libros/E00050.jpg</subfield>
    <subfield code="y">Imagen de portada</subfield>
    <subfield code="q">image/jpeg</subfield>
  </datafield>
  <datafield tag="999" ind1=" " ind2=" ">
    <subfield code="c">3492</subfield>
    <subfield code="d">3492</subfield>
  </datafield>
  <datafield tag="952" ind1=" " ind2=" ">
    <subfield code="0">0</subfield>
    <subfield code="1">0</subfield>
    <subfield code="4">0</subfield>
    <subfield code="7">0</subfield>
    <subfield code="a">BCEJYS</subfield>
    <subfield code="b">BCEJYS</subfield>
    <subfield code="c">16</subfield>
    <subfield code="d">2026-04-07</subfield>
    <subfield code="l">0</subfield>
    <subfield code="o">E336.226.1 R335/ER</subfield>
    <subfield code="p">E00050</subfield>
    <subfield code="r">2026-04-07 15:57:08</subfield>
    <subfield code="w">2026-04-07</subfield>
    <subfield code="y">L</subfield>
  </datafield>
</record>
